Paroles Partis pour rester-Francis Cabrel - Statistiques

Statistiques générales
  • Ce quiz a été pris 13 fois
  • Le résultat moyen est 236 sur 320
Statistiques - réponses
Paroles % Correct
à
100%
a
100%
est
100%
et
100%
Et
100%
était
100%
On
100%
on
100%
partis
100%
pour
100%
Pour
100%
rester
100%
Rester
100%
te
100%
va
100%
bien
88%
comme
88%
de
88%
De
88%
faire
88%
le
88%
Le
88%
les
88%
Les
88%
mes
88%
quand
88%
si
88%
ta
88%
tout
88%
Tu
88%
dans
75%
Dans
75%
du
75%
75%
fois
75%
ici
75%
Je
75%
la
75%
La
75%
75%
même
75%
pas
75%
qui
75%
se
75%
s'en
75%
son
75%
temps
75%
un
75%
Une
75%
vie
75%
vois
75%
ce
63%
c'est
63%
coin
63%
court
63%
crèmes
63%
Elle
63%
Entre
63%
loin
63%
Mais
63%
Mille
63%
n'est
63%
63%
passé
63%
pensées
63%
petits
63%
potions
63%
qu'on
63%
Qu'on
63%
recommencer
63%
Sur
63%
tellement
63%
Tous
63%
tous
63%
aimé
50%
bout
50%
ça
50%
chaque
50%
D'ailleurs
50%
d'autre
50%
d'être
50%
donné
50%
D'un
50%
glace
50%
jour
50%
lassés
50%
l'autre
50%
l'espace
50%
l'éternité
50%
peine
50%
peut
50%
plus
50%
pots
50%
pressés
50%
quelqu'un
50%
remède
50%
s'entassent
50%
seul
50%
sous
50%
surplace
50%
trouve
50%
viser
50%
Y'a
50%
Ah
38%
aiguille
38%
aurait
38%
Autant
38%
beau
38%
belle
38%
cache
38%
ceux
38%
chacun
38%
clés
38%
continuer
38%
coussin
38%
croyait
38%
démène
38%
demi-tours
38%
dentelle
38%
dépense
38%
déplace
38%
d'une
38%
emporter
38%
éternelle
38%
grande
38%
grandes
38%
griffes
38%
hors
38%
impasses
38%
J'aurais
38%
jours
38%
l'amour
38%
l'apporter
38%
l'essentiel
38%
l'horloge
38%
mécanique
38%
niche
38%
nuits
38%
parcours
38%
portée
38%
rapace
38%
raye
38%
recommencée
38%
reine
38%
surface
38%
t'enlacer
38%
tombe
38%
tour
38%
tourner
38%
blessés
25%
embrasser
25%
K.O
25%
Aucun quiz correspondant
Distribution des résultats
% des personnes avec chaque résultat
Percentile par nombre de réponses
Votre historique - résultats
Vous n’avez pas pris ce quiz